00617 a2200181 45000010006000000050017000060080041000230030015000640400040000790800095001192450049002142500012002632640044002753000019003195050069003380410008004071000020004155011820260407155801.0260407a1965 arg spa dAR-UNSa-BCEJYS aAR-UNSa-BCEJYSbspacAR-UNSa-BCEJYS a330.8xHistoria de las teorías, Doctrinas, Dogmas económicos (pensamiento económico)10aEnsayos de doctrinas económicas argentinas a2a. ed. 1aBuenos Aires :bEdiciones Depalmac1965 a153 p.c20 cm. a1. Manuel Belgrano - 2. Esteban Echeverría - 3. Silvio Gesell. aspa1 aPopescu, Oreste